000 00449 a2200157 4500
020 _a8130706113
082 _a342.733
090 _c987
_d987
100 _aMunro,William B.
245 _aThe Government of the United States
_cWilliam B.Munro
260 _aNew Delhi
_bCosmo Publications
_c2007
300 _aPaper cover
500 _aPaper cover
505 _rWilliam B.Munro
_tThe Government of the United States
942 _aNBS
_cBK
_k342.733 MUN
999 _c343525
_d343525